00685 2200265 4500001002100000005001500021035002000036007000300056008004100059020002200100082001000122084001600132100001800148245006300166250001000229260003800239300002900277650002400306700002100330504002700351990001100378990001100389990001000400990000900410INLIS00000000000387020190802104511 a0010-0819000013ta190802 g 0 ind  a978-979-002-624-7 a636.3 a636.3 ABD b0 aABDUL, Syukur1 aBisnis Pembibitan Kambing /cAbdul Syukur, Bambang Suharno acet.2 aJakarta :bPenebar Swadaya,c2015 a114 hlm :bilus ;c23 cm 4aKAMBING. PETERNAKAN0 aBAMBANG, Suharno aBibliografi.: hlm. 114 a5583 a a5583 b a5583c a4974